Statistics for Famous People born in California

Click here to take the quiz!

General Stats

  • This quiz has been taken 28 times
    (27 since last reset)
  • The average score is 17 of 38

Answer Stats

Hint Famous Person % Correct
Forrest Gump, Saving Private Ryan, Toy StoryTom Hanks
100%
Inception, The Aviator, TitanicLeonardo DiCaprio
96%
Founded AppleSteve Jobs
96%
Martial Arts LegendBruce Lee
88%
Created Star WarsGeorge Lucas
88%
Princess LeiaCarrie Fisher
88%
Duchess of SussexMeghan Markle
79%
Actress, model, singer, dated John F. KennedyMarilyn Monroe
79%
Face Off, Ghost Rider, The Wicker ManNicholas Cage
79%
California Gurls, Dark Horse, RoarKaty Perry
75%
Golf LegendTiger Woods
71%
37th US PresidentRichard Nixon
67%
Batman V Superman: Dawn of Justice, Fargo, Good Will HuntingBen Affleck
63%
Spider-Man, The Great Gatsby, Tropic ThunderTobey Maguire
58%
Gin and Juice, Still D.R.E., Young Wild and FreeSnoop Dogg
54%
Fast and the Furious, Jumanji: Welcome to the Jungle, SkyscraperDwayne Johnson
50%
Goosebumps, King Kong, Kung Fu PandaJack Black
38%
New England Patriots PlayerTom Brady
38%
After Earth, Karate Kid, The Pursuit of HappynessJaden Smith
38%
Chucky, Joker, Luke SkywalkerMark Hamill
33%
Guardians of the Galaxy, The Fast and the Furious, XXXVin Diesel
29%
Iron Man, The Big Lebowski, TronJeff Bridges
29%
Avengers: Age of Ultron, The Bourne Legacy, The Hurt LockerJeremy Renner
29%
Spider-Man, The Disaster Artist, The InterviewJames Franco
29%
Antman and the Wasp, Batman Returns, ScarfaceMichelle Pfeiffer
25%
Hacksaw Ridge, The Amazing Spider-Man, The Social NetworkAndrew Garfield
25%
Django Unchained, Moneyball, The Wolf of Wall StreetJonah Hill
21%
Nightcrawler, Southpaw, Spiderman: Far From HomeJake Gyllenhaal
21%
A Perfect Murder, Iron Man, SevenGwyneth Paltrow
17%
Avengers: Endgame, Captain Marvel, RoomBrie Larson
17%
Check Yo Self, Good Cop, Bad Cop, It Was a Good DayIce Cube
13%
Avengers: Age of Ultron, Godzilla, Wind RiverElizabeth Olsen
8%
How the Grinch Stole Christmas, Jurassic World, Spider-Man 3Bryce Dallas Howard
4%
Avengers: Infinity War, Deadpool 2, The GooniesJosh Brolin
4%
Solo: A Star Wars Story, Spiderman: Homecoming, The MartianDonald Glover
4%
Nerve, Now You See Me, The Disaster ArtistDave Franco
4%
Batman, Beetlejuice, DumboTim Burton
4%
Cloverfield, Now You See Me 2, The InterviewLizzy Caplan
0%

Score Distribution

Percentile by Number Answered

Percent of People with Each Score

Your Score History

You have not taken this quiz since the last reset